| 000 | 01066cab a22001935a 4500 | ||
|---|---|---|---|
| 001 | L143567 | ||
| 008 | 080520e20080517xxk f s 000 0 eng d | ||
| 035 | _a(Sirsi) u143567 | ||
| 041 | 0 | _aeng | |
| 100 | 1 | _aMcCormick, Helen | |
| 245 | 0 | 4 | _aThe ups and downs of the LLP |
| 260 | _c2008 | ||
| 490 |
_aEstates Gazette _v(0819) 17 May 2008, 66-69(4) |
||
| 520 | _aReports findings of Estates Gazette's LLP and partnership survey for 2007. Shows agents' performance, fee earning and wage costs. Reports an average increase in turnover of 26% from 2006. Warns that much of the information is for the boom year ending in April 2007. Predicts mixed fortunes for the coming survey. Years ending April 2008 may be relatively healthy, but average incomes are expected to fall when reporting for the period covering 2007 and 2008's credit crunch are reported. Warns that management teams should avoid short term decision making and continue to invest in trainees. | ||
| 590 | _aKA | ||
| 651 | 4 |
_aUnited Kingdom _y |
|
| 690 | _aMANAGEMENT-BUSINESS MANAGEMENT | ||
| 942 | _n0 | ||
| 999 |
_c80220 _d80220 |
||